Tilastot visalle G:llä alkavat valtiot

Klikkaa tästä pelataksesi tätä visaa!

Yleistilastot

  • Tätä visaa on pelattu 4 111 kertaa
  • Keskiarvotulos 6 / 9

Vastaustilastot

Valtio% Oikein
Ghana
86%
Gambia
85%
Guinea
74%
Gabon
69%
Guatemala
69%
Georgia
68%
Guinea-Bissau
64%
Guyana
64%
Grenada
57%

Tulosjakauma

Persentiili vastausten määrän mukaan

Jokaisen tuloksen saaneiden osuus

Tuloshistoriasi

Et ole pelannut tätä visaa